00887nam a2200241 a 450000100100000000500170001000800410002704000250006808200170009324500860011026000400019630000210023649000250025750000460028250000400032865000290036865000310039770000390042883000310046704900090049895201210050799900170062800001959320200929170053.0100630s1968 sp r 000 p spa d aDO-SdBNPbspacBNPHU a861.1bC784s00aCoplas satíricas y dramáticas de la edad media /cprólogo Eduardo Rincón. aMadrid :bAlianza Editorial,c1968. a208 p. ;c18 cm.1 aEl libro de bolsillo aIncluye cuadro cronológico [p. 199-204] aIncluye bibliografía [p. 205-206] 4aPoesía española9631 4aLiteratura española96321 aRincón, Eduardo,epról.942017 0aEl libro de bolsillo94072 aBNGR 001054708MOaGRbGRcCTd2010-06-30iLF1l0o861.1 C784sp19593-10r2020-06-25w2020-06-25y4ZPréstamo en sala c19109d19109